Loading...

Poverty and Income Distribution

Bibliografiske detaljer
Hovedforfatter: Krishnaswamy, K S
Format: Printed Book
Udgivet: Bombay, Oxford Univerisity Press 1990
Fag:
LEADER 006390000a22002290004500
020 |a 0-19-562680-X 
022 |a 10-06-2004 
041 |a English 
082 |a 339.2 N0 
100 |a Krishnaswamy, K S  |f Ed 
245 |a Poverty and Income Distribution 
260 |a Bombay, Oxford Univerisity Press 
260 |c 1990 
465 |a R 240 
650 |a Economics 
650 |a Income distribution 
650 |a National income 
650 |a Poverty 
650 |a Unemployment 
942 |c BK 
999 |c 142902  |d 142898 
952 |0 0  |1 0  |4 0  |6 339_200000000000000_N0  |7 0  |9 141686  |a SCC  |b SCC  |d 2017-10-11  |l 0  |o 339.2 N0  |p SCC07403  |r 2017-10-11  |w 2017-10-11  |y BK